| 000 | 00480nam a22001817a 4500 | ||
|---|---|---|---|
| 003 | OSt | ||
| 005 | 20180116183107.0 | ||
| 008 | 171010b xxu||||| |||| 00| 0 eng d | ||
| 020 | _a9695190421 | ||
| 040 | _c0 | ||
| 082 | _a297.12203 QUR | ||
| 100 | _aAhmad Hasan Qurashi | ||
| 245 |
_aThe Parables of The Qur'an _cAhmad Hasan Qurashi |
||
| 260 |
_alahore _bSuhail Academy Lahore _c2002 |
||
| 300 |
_a311p. _bHB |
||
| 440 | _aThe Parables of The Qur'an | ||
| 942 |
_2ddc _cBK |
||
| 999 |
_c352101 _d352101 |
||